Catálogo - Centro de Recursos para el Aprendizaje y la Investigación

Volver al Sitio - CRAI Biblioteca

Joaquín Balaguer : (Registro nro. 114360)

Detalles MARC
000 -CABECERA
campo de control de longitud fija 01182nam a2200289 4500
001 - NÚMERO DE CONTROL
campo de control 114360
003 - IDENTIFICADOR DEL NÚMERO DE CONTROL
campo de control DR-UNIBE
005 - FECHA Y HORA DE LA ÚLTIMA TRANSACCIÓN
campo de control 20260409062736.0
008 - DATOS DE LONGITUD FIJA--INFORMACIÓN GENERAL
campo de control de longitud fija 260130b2006 dr ||||| |||| 00| 0 spa d
020 ## - NÚMERO INTERNACIONAL ESTÁNDAR DEL LIBRO
Número Internacional Estándar del Libro 9789945140217
040 ## - FUENTE DE LA CATALOGACIÓN
Centro catalogador/agencia de origen BIBLIOTECA UNIBE
Lengua de catalogación spa
Centro/agencia transcriptor BIBLIOTECA UNIBE
Normas de descripción rda
041 ## - CÓDIGO DE LENGUA
Código de lengua del texto/banda sonora o título independiente spa
082 ## - NÚMERO DE LA CLASIFICACIÓN DECIMAL DEWEY
Número de clasificación RD 923.1 B171me
245 10 - MENCIÓN DE TÍTULO
Título Joaquín Balaguer :
Resto del título memorias de su Centenario
250 ## - MENCIÓN DE EDICIÓN
Mención de edición Primera edición
260 ## - PUBLICACIÓN, DISTRIBUCIÓN, ETC.
Lugar de publicación, distribución, etc. Santo Domingo :
Nombre del editor, distribuidor, etc. Editora Corripio,
Fecha de publicación, distribución, etc. 2006
300 ## - DESCRIPCIÓN FÍSICA
Extensión 335 páginas :
Otras características físicas fotos a color ;
Dimensiones 22 x 15 cm
500 ## - NOTA GENERAL
Nota general Información sobre Joaquín Balaguer en las solapas
505 ## - NOTA DE CONTENIDO CON FORMATO
Nota de contenido con formato Marzo |<br/>Mayo |<br/>Junio |<br/>Julio |<br/>Agosto |<br/>Septiembre |<br/>Octubre
600 #0 - PUNTO DE ACCESO ADICIONAL DE MATERIA--NOMBRE DE PERSONA
Nombre de persona Balaguer, Joaquín,
Forma completa/desarrollada del nombre (Balaguer Ricardo, Joaquín Antonio)
Fechas asociadas al nombre 1906-2002
Subdivisión general Memorias e informes
9 (RLIN) 16487
700 10 - PUNTO DE ACCESO ADICIONAL--NOMBRE DE PERSONA
Nombre de persona Domínguez Novas, Juan Francisco
9 (RLIN) 127336
Término indicativo de función/relación composición
700 10 - PUNTO DE ACCESO ADICIONAL--NOMBRE DE PERSONA
Nombre de persona Blanco Díaz, Andrés,
Fechas asociadas al nombre 1954-
9 (RLIN) 144547
Término indicativo de función/relación corrector
700 10 - PUNTO DE ACCESO ADICIONAL--NOMBRE DE PERSONA
Nombre de persona Fajardo Tejada, Pura
9 (RLIN) 201970
Término indicativo de función/relación diseñador
-- programador
-- arte final
700 10 - PUNTO DE ACCESO ADICIONAL--NOMBRE DE PERSONA
Nombre de persona Díaz Carrero, Rubén,
Fechas asociadas al nombre 1971-2009
9 (RLIN) 144910
Término indicativo de función/relación diseñador de portada
700 10 - PUNTO DE ACCESO ADICIONAL--NOMBRE DE PERSONA
Nombre de persona Batista, Paula
Término indicativo de función/relación corrector de pruebas
9 (RLIN) 201922
942 ## - ELEMENTOS DE PUNTO DE ACCESO ADICIONAL (KOHA)
Fuente del sistema de clasificación o colocación Sistema de Clasificación Decimal Dewey
Tipo de ítem Koha Libro (general)
Existencias
Estado de retiro Estado de pérdida Fuente del sistema de clasificación o colocación No para préstamo Código de colección Localización permanente Fecha de adquisición Total de préstamos Signatura topográfica completa Código de barras Fecha visto por última vez Número de copia Precio válido a partir de Tipo de ítem Koha
  Disponible Sistema de Clasificación Decimal Dewey   General - Libros dominicanos Biblioteca Central UNIBE 12/11/2025   RD 923.1 B171me 260046 30/01/2026 Ej. 1 30/01/2026 Libro (general)